Normal view
MARC view
- Mullem, Pete Van.
Entry Personal Name
001 - CONTROL NUMBER
- control field: 70567
003 - CONTROL NUMBER IDENTIFIER
- control field: OSt
005 - DATE AND TIME OF LATEST TRANSACTION
- control field: 20260414131736.0
008 - FIXED-LENGTH DATA ELEMENTS
- fixed length control field: 260414|| aca||aabn | a|a d
040 ## - CATALOGING SOURCE
- Original cataloging agency: OSt
100 ## - HEADING--PERSONAL NAME
- Personal name: Mullem, Pete Van.
- Relator term: author.
